000 00198nam a2200085Ia 4500
008 221123s9999 xx 000 0 und d
100 _aMAARTHENS MARETHA
_9173907
245 0 _aGOD GEE OM
942 _cBK
_w561
_xJohn Tresidder
_y561
_zJohn Tresidder
999 _c737258
_d737257